[Event "DEM U16 2025"]
[Site "Willingen GER"]
[Date "2025.06.13"]
[Round "8"]
[White "Jahnz, Laurin"]
[Black "Schuricht, Emil Frederick"]
[Result "1/2-1/2"]
[Termination "normal"]
[Board "5"]
[WhiteTitle "CM"]
[BlackTitle "FM"]
[WhiteElo "2221"]
[BlackElo "2328"]
[WhiteClock "00:03:16"]
[BlackClock "00:07:55"]
[PlyCount "121"]
[WhiteFideId "16261089"]
[BlackFideId "16270185"]
[EventCountry "GER"]
[EventRounds "9"]
[EventType "swiss"]
[EventDate "2025.06.07"]

1. e4 {[%clk 01:30:58]} {[%emt 00:00:02]} c6 {[%clk 01:30:54]} {[%emt
00:00:07]} 2. Nc3 {[%clk 01:31:25]} {[%emt 00:00:03]} d5 {[%clk 01:31:20]}
{[%emt 00:00:04]} 3. Nf3 {[%clk 01:31:52]} {[%emt 00:00:02]} Bg4 {[%clk
01:31:28]} {[%emt 00:00:22]} 4. h3 {[%clk 01:32:18]} {[%emt 00:00:04]} Bxf3
{[%clk 01:31:53]} {[%emt 00:00:04]} 5. Qxf3 {[%clk 01:32:45]} {[%emt 00:00:03]}
e6 {[%clk 01:32:15]} {[%emt 00:00:08]} 6. d4 {[%clk 01:33:10]} {[%emt
00:00:05]} Nf6 {[%clk 01:32:38]} {[%emt 00:00:05]} 7. a3 {[%clk 01:33:36]}
{[%emt 00:00:06]} dxe4 {[%clk 01:31:25]} {[%emt 00:01:42]} 8. Qe3 {[%clk
01:34:02]} {[%emt 00:00:04]} Qa5 {[%clk 01:31:28]} {[%emt 00:00:27]} 9. Bd2
{[%clk 01:34:21]} {[%emt 00:00:11]} Bb4 {[%clk 01:31:45]} {[%emt 00:00:13]} 10.
Nxe4 {[%clk 01:34:31]} {[%emt 00:00:21]} Bxd2+ {[%clk 01:32:08]} {[%emt
00:00:06]} 11. Nxd2 {[%clk 01:34:56]} {[%emt 00:00:05]} O-O {[%clk 01:30:04]}
{[%emt 00:02:33]} 12. O-O-O {[%clk 01:33:29]} {[%emt 00:01:59]} Nbd7 {[%clk
01:29:45]} {[%emt 00:00:49]} 13. g4 {[%clk 01:29:02]} {[%emt 00:04:56]} b5
{[%clk 01:25:20]} {[%emt 00:04:55]} 14. Nb3 {[%clk 01:27:30]} {[%emt 00:02:03]}
Qa4 {[%clk 01:10:21]} {[%emt 00:15:28]} 15. Qc3 {[%clk 01:16:13]} {[%emt
00:11:47]} Rac8 {[%clk 00:51:43]} {[%emt 00:19:08]} 16. Qa5 {[%clk 01:12:06]}
{[%emt 00:04:37]} Qxa5 {[%clk 00:50:00]} {[%emt 00:02:13]} 17. Nxa5 {[%clk
01:12:35]} a6 {[%clk 00:49:21]} {[%emt 00:01:10]} 18. Bg2 {[%clk 01:06:53]}
{[%emt 00:06:12]} Nd5 {[%clk 00:47:49]} {[%emt 00:02:02]} 19. Rhe1 {[%clk
00:55:46]} {[%emt 00:11:36]} Rc7 {[%clk 00:45:56]} {[%emt 00:02:23]} 20. Bxd5
{[%clk 00:52:09]} {[%emt 00:04:08]} cxd5 {[%clk 00:45:31]} {[%emt 00:00:54]}
21. Nb3 {[%clk 00:46:04]} {[%emt 00:06:35]} Ra8 {[%clk 00:36:35]} {[%emt
00:09:26]} 22. f4 {[%clk 00:40:44]} {[%emt 00:05:50]} a5 {[%clk 00:35:35]}
{[%emt 00:01:30]} 23. f5 {[%clk 00:35:46]} {[%emt 00:05:29]} exf5 {[%clk
00:35:57]} {[%emt 00:00:08]} 24. gxf5 {[%clk 00:29:19]} {[%emt 00:06:57]} Rac8
{[%clk 00:33:58]} {[%emt 00:02:30]} 25. Nxa5 {[%clk 00:22:51]} {[%emt
00:06:57]} Rxc2+ {[%clk 00:34:15]} {[%emt 00:00:13]} 26. Kb1 {[%clk 00:23:19]}
{[%emt 00:00:02]} Rf2 {[%clk 00:29:51]} {[%emt 00:04:54]} 27. Rc1 {[%clk
00:22:49]} {[%emt 00:01:00]} Rxc1+ {[%clk 00:30:13]} {[%emt 00:00:09]} 28. Kxc1
{[%clk 00:23:04]} {[%emt 00:00:15]} Rxf5 {[%clk 00:29:20]} {[%emt 00:01:22]}
29. Re8+ {[%clk 00:20:08]} {[%emt 00:03:26]} Nf8 {[%clk 00:28:48]} {[%emt
00:01:02]} 30. Nc6 {[%clk 00:19:44]} {[%emt 00:00:54]} Rf1+ {[%clk 00:28:20]}
{[%emt 00:00:58]} 31. Kd2 {[%clk 00:20:09]} {[%emt 00:00:04]} g5 {[%clk
00:28:09]} {[%emt 00:00:41]} 32. Ne7+ {[%clk 00:18:43]} {[%emt 00:01:58]} Kg7
{[%clk 00:28:27]} {[%emt 00:00:11]} 33. Nxd5 {[%clk 00:18:47]} {[%emt
00:00:26]} Ne6 {[%clk 00:27:35]} {[%emt 00:01:21]} 34. Nc3 {[%clk 00:17:18]}
{[%emt 00:01:59]} Nxd4 {[%clk 00:24:20]} {[%emt 00:03:45]} 35. Re4 {[%clk
00:14:34]} {[%emt 00:03:15]} Nf5 {[%clk 00:22:07]} {[%emt 00:02:43]} 36. Nxb5
{[%clk 00:13:52]} {[%emt 00:01:12]} Rf2+ {[%clk 00:19:33]} {[%emt 00:03:04]}
37. Kc1 {[%clk 00:12:59]} {[%emt 00:01:24]} Nh4 {[%clk 00:14:28]} {[%emt
00:05:35]} 38. a4 {[%clk 00:12:16]} {[%emt 00:01:13]} f5 {[%clk 00:13:36]}
{[%emt 00:01:21]} 39. Rd4 {[%clk 00:11:14]} {[%emt 00:01:33]} Re2 {[%clk
00:07:20]} {[%emt 00:06:46]} 40. Nc3 {[%clk 00:06:59]} {[%emt 00:04:45]} Re1+
{[%clk 00:04:01]} {[%emt 00:03:48]} 41. Rd1 {[%clk 00:20:01]} {[%emt 00:17:29]}
Re8 {[%clk 00:30:53]} {[%emt 00:03:37]} 42. a5 {[%clk 00:16:24]} {[%emt
00:04:08]} g4 {[%clk 00:29:10]} {[%emt 00:02:13]} 43. hxg4 {[%clk 00:15:09]}
{[%emt 00:01:46]} fxg4 {[%clk 00:29:25]} {[%emt 00:00:14]} 44. Rd4 {[%clk
00:08:48]} {[%emt 00:06:50]} h5 {[%clk 00:29:23]} {[%emt 00:00:32]} 45. Re4
{[%clk 00:08:19]} {[%emt 00:01:00]} Ra8 {[%clk 00:24:50]} {[%emt 00:05:03]} 46.
b4 {[%clk 00:07:06]} {[%emt 00:01:43]} Nf5 {[%clk 00:23:32]} {[%emt 00:01:48]}
47. Kd2 {[%clk 00:05:42]} {[%emt 00:01:53]} g3 {[%clk 00:22:38]} {[%emt
00:01:24]} 48. Ke2 {[%clk 00:03:26]} {[%emt 00:02:46]} h4 {[%clk 00:20:19]}
{[%emt 00:02:49]} 49. Kf3 {[%clk 00:02:20]} {[%emt 00:01:36]} h3 {[%clk
00:12:18]} {[%emt 00:08:31]} 50. Rg4+ {[%clk 00:02:11]} {[%emt 00:00:40]} Kf6
{[%clk 00:12:10]} {[%emt 00:00:38]} 51. Ne4+ {[%clk 00:02:05]} {[%emt
00:00:36]} Ke5 {[%clk 00:08:13]} {[%emt 00:04:26]} 52. Nxg3 {[%clk 00:02:26]}
{[%emt 00:00:09]} Nd4+ {[%clk 00:08:21]} {[%emt 00:00:22]} 53. Ke3 {[%clk
00:01:54]} {[%emt 00:01:02]} Nc6 {[%clk 00:07:26]} {[%emt 00:01:26]} 54. Rh4
{[%clk 00:01:33]} {[%emt 00:00:51]} Rb8 {[%clk 00:07:03]} {[%emt 00:00:53]} 55.
b5 {[%clk 00:01:08]} {[%emt 00:00:56]} Nxa5 {[%clk 00:07:25]} {[%emt 00:00:07]}
56. Rxh3 {[%clk 00:01:34]} {[%emt 00:00:04]} Nc4+ {[%clk 00:07:29]} {[%emt
00:00:26]} 57. Kd3 {[%clk 00:02:00]} {[%emt 00:00:04]} Nd6 {[%clk 00:07:53]}
{[%emt 00:00:05]} 58. Rh5+ {[%clk 00:02:26]} {[%emt 00:00:04]} Ke6 {[%clk
00:07:38]} {[%emt 00:00:45]} 59. Ne2 {[%clk 00:02:50]} {[%emt 00:00:06]} Nxb5
{[%clk 00:07:33]} {[%emt 00:00:35]} 60. Rxb5 {[%clk 00:03:16]} {[%emt
00:00:04]} Rxb5 {[%clk 00:07:55]} {[%emt 00:00:09]} 61. Ke4 {[%emt 00:00:25]}
1/2-1/2

[Event "DEM U16 2025"]
[Site "Willingen GER"]
[Date "2025.06.13"]
[Round "8"]
[White "Nönnig, Jakob"]
[Black "Sauer, Tim"]
[Result "1/2-1/2"]
[Termination "normal"]
[Board "6"]
[WhiteElo "2096"]
[BlackElo "2181"]
[WhiteClock "00:00:51"]
[BlackClock "00:00:43"]
[PlyCount "144"]
[WhiteFideId "16289447"]
[BlackFideId "16265726"]
[EventCountry "GER"]
[EventRounds "9"]
[EventType "swiss"]
[EventDate "2025.06.07"]

1. e4 {[%clk 01:30:58]} c5 {[%emt 00:00:13]} 2. Nf3 {[%emt 00:00:38]} g6 {[%emt
00:00:17]} 3. d4 {[%emt 00:00:06]} cxd4 {[%clk 01:31:16]} {[%emt 00:00:04]} 4.
Nxd4 {[%emt 00:00:08]} Nc6 {[%emt 00:00:41]} 5. Nc3 {[%emt 00:00:09]} Bg7
{[%emt 00:00:09]} 6. Be3 {[%clk 01:32:03]} {[%emt 00:00:02]} Nf6 {[%emt
00:00:27]} 7. Bc4 {[%clk 01:32:20]} O-O {[%emt 00:00:27]} 8. Bb3 {[%clk
01:32:30]} {[%emt 00:00:02]} Re8 {[%clk 01:32:50]} {[%emt 00:00:16]} 9. O-O
{[%clk 01:26:09]} {[%emt 00:06:51]} d6 {[%clk 01:32:56]} {[%emt 00:00:25]} 10.
h3 {[%clk 01:25:21]} {[%emt 00:01:18]} Na5 {[%clk 01:33:03]} {[%emt 00:00:22]}
11. f4 {[%clk 01:16:45]} {[%emt 00:09:07]} Nxb3 {[%clk 00:58:41]} {[%emt
00:34:53]} 12. axb3 {[%clk 01:16:56]} {[%emt 00:00:18]} b6 {[%clk 00:53:53]}
{[%emt 00:05:18]} 13. Qd3 {[%clk 00:44:16]} {[%emt 00:33:10]} Bb7 {[%clk
00:43:27]} {[%emt 00:10:55]} 14. Rfd1 {[%clk 00:33:01]} {[%emt 00:11:46]} a6
{[%clk 00:26:23]} {[%emt 00:17:35]} 15. Nf3 {[%clk 00:30:09]} {[%emt 00:03:21]}
Qc7 {[%clk 00:22:17]} {[%emt 00:04:36]} 16. Nd2 {[%clk 00:13:58]} {[%emt
00:16:41]} Rac8 {[%clk 00:17:34]} {[%emt 00:05:13]} 17. b4 {[%clk 00:07:10]}
{[%emt 00:07:18]} Qc6 {[%clk 00:14:55]} {[%emt 00:03:08]} 18. Ra3 {[%clk
00:06:01]} {[%emt 00:01:40]} Red8 {[%clk 00:07:27]} {[%emt 00:07:58]} 19. Qe2
{[%clk 00:03:22]} {[%emt 00:03:08]} d5 {[%clk 00:01:39]} {[%emt 00:06:19]} 20.
exd5 {[%clk 00:03:41]} {[%emt 00:00:11]} Nxd5 {[%clk 00:02:03]} {[%emt
00:00:05]} 21. Nxd5 {[%clk 00:04:06]} {[%emt 00:00:06]} Rxd5 {[%clk 00:01:48]}
{[%emt 00:00:44]} 22. c3 {[%clk 00:04:30]} {[%emt 00:00:06]} Rcd8 {[%clk
00:00:49]} {[%emt 00:01:30]} 23. Raa1 {[%clk 00:04:31]} {[%emt 00:00:29]} e5
{[%clk 00:00:36]} {[%emt 00:00:42]} 24. fxe5 {[%clk 00:04:07]} {[%emt
00:00:55]} Rxe5 {[%clk 00:00:44]} {[%emt 00:00:23]} 25. Nf3 {[%clk 00:04:30]}
{[%emt 00:00:06]} Rxd1+ {[%clk 00:00:38]} {[%emt 00:00:36]} 26. Rxd1 {[%clk
00:04:53]} {[%emt 00:00:06]} Re8 {[%clk 00:01:00]} {[%emt 00:00:08]} 27. Qf2
{[%clk 00:05:05]} {[%emt 00:00:18]} b5 {[%clk 00:00:41]} {[%emt 00:00:49]} 28.
Bd4 {[%clk 00:05:15]} {[%emt 00:00:21]} Bxd4 {[%clk 00:00:34]} {[%emt
00:00:36]} 29. Rxd4 {[%clk 00:05:28]} {[%emt 00:00:17]} Qe6 {[%clk 00:00:36]}
{[%emt 00:00:27]} 30. Ng5 {[%clk 00:01:40]} {[%emt 00:04:20]} Qe7 {[%clk
00:00:35]} {[%emt 00:00:31]} 31. Nf3 {[%clk 00:01:00]} {[%emt 00:01:10]} Qe2
{[%clk 00:00:33]} {[%emt 00:00:32]} 32. Rd2 {[%clk 00:01:10]} {[%emt 00:00:21]}
Qc4 {[%clk 00:00:34]} {[%emt 00:00:28]} 33. Nd4 {[%clk 00:01:26]} {[%emt
00:00:14]} Kg7 {[%clk 00:00:34]} {[%emt 00:00:30]} 34. Qg3 {[%clk 00:01:25]}
{[%emt 00:00:31]} Qd5 {[%clk 00:00:34]} {[%emt 00:00:29]} 35. Kh2 {[%clk
00:01:13]} {[%emt 00:00:42]} Re7 {[%clk 00:00:33]} {[%emt 00:00:31]} 36. Rf2
{[%clk 00:01:27]} {[%emt 00:00:16]} Re5 {[%clk 00:00:34]} {[%emt 00:00:29]} 37.
Qf4 {[%clk 00:00:59]} {[%emt 00:00:58]} Kg8 {[%clk 00:00:34]} {[%emt 00:00:30]}
38. Qf6 {[%clk 00:01:01]} {[%emt 00:00:28]} Rg5 {[%clk 00:00:34]} {[%emt
00:00:30]} 39. Nf3 {[%clk 00:00:43]} {[%emt 00:00:48]} Rf5 {[%clk 00:00:38]}
{[%emt 00:00:26]} 40. Qb6 {[%clk 00:00:36]} {[%emt 00:00:37]} Kg7 {[%clk
00:00:33]} {[%emt 00:00:34]} 41. Rd2 {[%clk 00:00:43]} {[%emt 00:00:23]} Qe4
{[%clk 00:26:13]} {[%emt 00:04:49]} 42. Qd4+ {[%clk 00:24:58]} {[%emt
00:06:16]} Qxd4 {[%clk 00:19:38]} {[%emt 00:07:04]} 43. Nxd4 {[%clk 00:25:18]}
{[%emt 00:00:10]} Rd5 {[%clk 00:18:17]} {[%emt 00:01:51]} 44. Re2 {[%clk
00:23:55]} {[%emt 00:01:53]} Kf8 {[%clk 00:17:56]} {[%emt 00:00:51]} 45. Nb3
{[%clk 00:10:13]} {[%emt 00:14:12]} Bc8 {[%clk 00:18:01]} {[%emt 00:00:26]} 46.
Kg3 {[%clk 00:09:39]} {[%emt 00:00:59]} f6 {[%clk 00:14:07]} {[%emt 00:04:27]}
47. Nd4 {[%clk 00:05:57]} {[%emt 00:04:13]} Kf7 {[%clk 00:12:56]} {[%emt
00:01:41]} 48. Kf2 {[%clk 00:02:21]} {[%emt 00:04:06]} g5 {[%clk 00:08:03]}
{[%emt 00:05:24]} 49. Re3 {[%clk 00:01:45]} {[%emt 00:01:05]} h5 {[%clk
00:07:01]} {[%emt 00:01:32]} 50. Ke2 {[%clk 00:01:10]} {[%emt 00:01:05]} Bb7
{[%clk 00:01:33]} {[%emt 00:05:58]} 51. Kf2 {[%clk 00:00:52]} {[%emt 00:00:47]}
h4 {[%clk 00:01:00]} {[%emt 00:01:03]} 52. b3 {[%clk 00:00:43]} {[%emt
00:00:39]} Bc8 {[%clk 00:00:44]} {[%emt 00:00:46]} 53. Rd3 {[%clk 00:01:00]}
{[%emt 00:00:13]} Bf5 {[%clk 00:00:35]} {[%emt 00:00:40]} 54. Rd2 {[%clk
00:01:08]} {[%emt 00:00:22]} Be6 {[%clk 00:00:36]} {[%emt 00:00:29]} 55. c4
{[%clk 00:01:23]} {[%emt 00:00:15]} Rd7 {[%clk 00:00:37]} {[%emt 00:00:28]} 56.
c5 {[%clk 00:01:32]} {[%emt 00:00:22]} f5 {[%clk 00:00:36]} {[%emt 00:00:31]}
57. Ke3 {[%clk 00:01:56]} {[%emt 00:00:06]} f4+ {[%clk 00:00:34]} {[%emt
00:00:32]} 58. Ke4 {[%clk 00:01:58]} {[%emt 00:00:28]} Kf6 {[%clk 00:00:57]}
{[%emt 00:00:06]} 59. Ra2 {[%clk 00:01:33]} {[%emt 00:00:56]} Bd5+ {[%clk
00:00:51]} {[%emt 00:00:36]} 60. Kd3 {[%clk 00:02:02]} {[%emt 00:00:02]} Ke5
{[%clk 00:00:35]} {[%emt 00:00:45]} 61. Kc3 {[%clk 00:01:40]} {[%emt 00:00:52]}
Be4 {[%clk 00:00:35]} {[%emt 00:00:30]} 62. Rd2 {[%clk 00:01:17]} {[%emt
00:00:53]} Rg7 {[%clk 00:00:34]} {[%emt 00:00:30]} 63. Re2 {[%clk 00:01:25]}
{[%emt 00:00:22]} g4 {[%clk 00:00:32]} {[%emt 00:00:32]} 64. hxg4 {[%clk
00:01:16]} {[%emt 00:00:39]} Rxg4 {[%clk 00:00:54]} {[%emt 00:00:08]} 65. Nc6+
{[%clk 00:01:15]} {[%emt 00:00:32]} Kf5 {[%clk 00:00:43]} {[%emt 00:00:41]} 66.
Ne7+ {[%clk 00:01:08]} {[%emt 00:00:36]} Ke5 {[%clk 00:00:56]} {[%emt
00:00:17]} 67. Nc6+ {[%clk 00:01:00]} {[%emt 00:00:39]} Kf5 {[%clk 00:01:08]}
{[%emt 00:00:18]} 68. Ne7+ {[%clk 00:01:24]} {[%emt 00:00:06]} Ke5 {[%clk
00:01:35]} {[%emt 00:00:03]} 69. c6 {[%clk 00:00:36]} {[%emt 00:01:18]} Rxg2
{[%clk 00:00:45]} {[%emt 00:01:20]} 70. Rxe4+ {[%clk 00:00:43]} {[%emt
00:00:24]} Kxe4 {[%clk 00:01:10]} {[%emt 00:00:05]} 71. c7 {[%clk 00:01:06]}
{[%emt 00:00:07]} Rg1 {[%clk 00:00:43]} {[%emt 00:00:56]} 72. Kc2 {[%clk
00:00:51]} {[%emt 00:00:45]} Ke5 {[%emt 00:01:21]} 1/2-1/2

[Event "DEM U16 2025"]
[Site "Willingen GER"]
[Date "2025.06.13"]
[Round "8"]
[White "Mester, Philipp"]
[Black "Burkart, Lloyd Shang"]
[Result "1/2-1/2"]
[Termination "normal"]
[Board "7"]
[WhiteElo "2162"]
[BlackElo "2082"]
[WhiteClock "00:06:15"]
[BlackClock "00:05:20"]
[PlyCount "68"]
[WhiteFideId "34624902"]
[BlackFideId "16239059"]
[EventCountry "GER"]
[EventRounds "9"]
[EventType "swiss"]
[EventDate "2025.06.07"]

1. Nf3 {[%clk 01:30:56]} {[%emt 00:00:02]} Nf6 {[%clk 01:27:59]} {[%emt
00:03:01]} 2. g3 {[%clk 01:30:20]} {[%emt 00:01:07]} d5 {[%clk 01:24:23]}
{[%emt 00:04:06]} 3. Bg2 {[%clk 01:30:33]} {[%emt 00:00:17]} e6 {[%clk
01:24:06]} {[%emt 00:00:47]} 4. O-O {[%clk 01:30:36]} {[%emt 00:00:27]} Be7
{[%clk 01:18:13]} {[%emt 00:06:24]} 5. d3 {[%clk 01:27:43]} {[%emt 00:03:23]}
c5 {[%clk 01:15:48]} {[%emt 00:02:55]} 6. Nbd2 {[%clk 01:27:16]} {[%emt
00:00:57]} Nc6 {[%clk 01:15:55]} {[%emt 00:00:23]} 7. e4 {[%clk 01:25:18]}
{[%emt 00:02:28]} b6 {[%clk 01:13:53]} {[%emt 00:02:32]} 8. Re1 {[%clk
01:24:26]} {[%emt 00:01:22]} Bb7 {[%clk 01:13:35]} {[%emt 00:00:48]} 9. e5
{[%clk 01:22:03]} {[%emt 00:02:53]} Nd7 {[%clk 01:13:58]} {[%emt 00:00:07]} 10.
h4 {[%clk 01:21:44]} {[%emt 00:00:49]} Qc7 {[%clk 01:05:40]} {[%emt 00:08:48]}
11. Qe2 {[%clk 01:21:19]} {[%emt 00:00:55]} g6 {[%clk 00:55:27]} {[%emt
00:10:43]} 12. Nf1 {[%clk 01:17:27]} {[%emt 00:04:21]} h6 {[%clk 00:52:59]}
{[%emt 00:02:58]} 13. N1h2 {[%clk 01:13:40]} {[%emt 00:04:17]} g5 {[%clk
00:45:52]} {[%emt 00:07:37]} 14. hxg5 {[%clk 01:12:33]} {[%emt 00:01:37]} hxg5
{[%clk 00:46:06]} {[%emt 00:00:17]} 15. Ng4 {[%clk 01:10:55]} {[%emt 00:02:08]}
Rg8 {[%clk 00:42:10]} {[%emt 00:04:25]} 16. c3 {[%clk 01:01:14]} {[%emt
00:10:11]} O-O-O {[%clk 00:38:50]} {[%emt 00:03:51]} 17. d4 {[%clk 00:59:59]}
{[%emt 00:01:45]} Rg7 {[%clk 00:32:43]} {[%emt 00:06:36]} 18. Bd2 {[%clk
00:54:39]} {[%emt 00:05:51]} Kb8 {[%clk 00:30:35]} {[%emt 00:02:37]} 19. b4
{[%clk 00:50:35]} {[%emt 00:04:35]} c4 {[%clk 00:29:40]} {[%emt 00:01:25]} 20.
Bh3 {[%clk 00:41:00]} {[%emt 00:10:05]} Rh8 {[%clk 00:26:38]} {[%emt 00:03:31]}
21. Kg2 {[%clk 00:40:56]} {[%emt 00:00:34]} Qd8 {[%clk 00:20:52]} {[%emt
00:06:16]} 22. Rh1 {[%clk 00:39:23]} {[%emt 00:02:03]} Ka8 {[%clk 00:17:40]}
{[%emt 00:03:42]} 23. Rh2 {[%clk 00:39:03]} {[%emt 00:00:50]} Rh5 {[%clk
00:09:28]} {[%emt 00:08:42]} 24. Rah1 {[%clk 00:38:53]} {[%emt 00:00:39]} Rgh7
{[%clk 00:08:54]} {[%emt 00:01:04]} 25. Kg1 {[%clk 00:33:46]} {[%emt 00:05:37]}
Qg8 {[%clk 00:08:08]} {[%emt 00:01:16]} 26. Be3 {[%clk 00:30:36]} {[%emt
00:03:40]} Qg6 {[%clk 00:06:47]} {[%emt 00:01:51]} 27. Bf1 {[%clk 00:25:32]}
{[%emt 00:05:34]} Rxh2 {[%clk 00:06:51]} {[%emt 00:00:27]} 28. Rxh2 {[%clk
00:25:52]} {[%emt 00:00:10]} Rxh2 {[%clk 00:06:26]} {[%emt 00:00:55]} 29. Kxh2
{[%clk 00:22:07]} {[%emt 00:04:15]} Nf8 {[%clk 00:06:09]} {[%emt 00:00:46]} 30.
Qd2 {[%clk 00:20:18]} {[%emt 00:02:19]} Qf5 {[%clk 00:05:01]} {[%emt 00:01:39]}
31. b5 {[%clk 00:14:32]} {[%emt 00:06:16]} Nb8 {[%clk 00:04:50]} {[%emt
00:00:40]} 32. Bxg5 {[%clk 00:08:06]} {[%emt 00:06:56]} Bxg5 {[%clk 00:04:41]}
{[%emt 00:00:40]} 33. Nxg5 {[%clk 00:06:29]} {[%emt 00:02:07]} Qxg4 {[%clk
00:05:04]} {[%emt 00:00:07]} 34. Bh3 {[%clk 00:06:15]} {[%emt 00:00:43]} Qh5
{[%clk 00:05:20]} {[%emt 00:00:14]} 1/2-1/2

[Event "DEM U16 2025"]
[Site "Willingen GER"]
[Date "2025.06.13"]
[Round "8"]
[White "Helms, Finn"]
[Black "Weber, Nikita"]
[Result "1/2-1/2"]
[Termination "normal"]
[Board "8"]
[WhiteElo "2153"]
[BlackElo "2074"]
[WhiteClock "00:20:40"]
[BlackClock "00:58:36"]
[PlyCount "54"]
[WhiteFideId "16249143"]
[BlackFideId "34608770"]
[EventCountry "GER"]
[EventRounds "9"]
[EventType "swiss"]
[EventDate "2025.06.07"]

1. e4 {[%clk 01:30:58]} {[%emt 00:00:02]} e6 {[%clk 01:30:36]} {[%emt
00:00:24]} 2. d4 {[%clk 01:30:59]} {[%emt 00:00:29]} d5 {[%clk 01:31:05]}
{[%emt 00:00:02]} 3. Nd2 {[%clk 01:31:05]} {[%emt 00:00:24]} c5 {[%clk
01:31:27]} {[%emt 00:00:07]} 4. exd5 {[%clk 01:30:47]} {[%emt 00:00:49]} Qxd5
{[%clk 01:31:55]} {[%emt 00:00:01]} 5. Ngf3 {[%clk 01:29:58]} {[%emt 00:01:19]}
cxd4 {[%clk 01:32:15]} {[%emt 00:00:11]} 6. Bc4 {[%clk 01:30:10]} {[%emt
00:00:18]} Qd7 {[%clk 01:32:43]} {[%emt 00:00:01]} 7. O-O {[%clk 01:26:59]}
{[%emt 00:03:41]} Nc6 {[%clk 01:32:15]} {[%emt 00:00:59]} 8. Nb3 {[%clk
01:27:10]} {[%emt 00:00:18]} Nf6 {[%clk 01:32:38]} {[%emt 00:00:07]} 9. Nbxd4
{[%clk 01:26:53]} {[%emt 00:00:47]} Nxd4 {[%clk 01:32:55]} {[%emt 00:00:14]}
10. Nxd4 {[%clk 01:26:46]} {[%emt 00:00:36]} a6 {[%clk 01:33:24]} {[%emt
00:00:02]} 11. Re1 {[%clk 01:20:29]} {[%emt 00:06:46]} Bc5 {[%clk 01:33:31]}
{[%emt 00:00:24]} 12. Be3 {[%clk 01:14:32]} {[%emt 00:06:26]} O-O {[%clk
01:33:16]} {[%emt 00:00:44]} 13. Nxe6 {[%clk 00:58:20]} {[%emt 00:16:44]} Qxd1
{[%clk 01:25:20]} {[%emt 00:08:26]} 14. Raxd1 {[%clk 00:58:37]} {[%emt
00:00:13]} Bxe6 {[%clk 01:24:54]} {[%emt 00:00:56]} 15. Bxc5 {[%clk 00:58:09]}
{[%emt 00:00:57]} Bxc4 {[%clk 01:25:16]} {[%emt 00:00:08]} 16. Bxf8 {[%clk
00:58:08]} {[%emt 00:00:31]} Kxf8 {[%clk 01:25:26]} {[%emt 00:00:20]} 17. b3
{[%clk 00:44:39]} {[%emt 00:14:00]} Be6 {[%clk 01:23:57]} {[%emt 00:01:59]} 18.
c4 {[%clk 00:43:09]} {[%emt 00:02:00]} Rc8 {[%clk 01:23:14]} {[%emt 00:01:13]}
19. Re5 {[%clk 00:36:59]} {[%emt 00:06:39]} Ke7 {[%clk 01:21:47]} {[%emt
00:01:58]} 20. f4 {[%clk 00:34:41]} {[%emt 00:02:48]} g6 {[%clk 01:20:58]}
{[%emt 00:01:19]} 21. h3 {[%clk 00:33:44]} {[%emt 00:01:27]} Nd7 {[%clk
01:17:51]} {[%emt 00:03:38]} 22. Re2 {[%clk 00:28:48]} {[%emt 00:05:26]} Rc5
{[%clk 01:15:20]} {[%emt 00:03:01]} 23. g4 {[%clk 00:27:28]} {[%emt 00:01:49]}
h5 {[%clk 01:13:26]} {[%emt 00:02:24]} 24. Kg2 {[%clk 00:20:32]} {[%emt
00:07:27]} hxg4 {[%clk 01:00:25]} {[%emt 00:13:31]} 25. hxg4 {[%clk 00:20:52]}
{[%emt 00:00:10]} Nf6 {[%clk 00:59:58]} {[%emt 00:00:57]} 26. Kg3 {[%clk
00:20:25]} {[%emt 00:00:56]} Nxg4 {[%clk 00:59:20]} {[%emt 00:01:09]} 27. Rxe6+
{[%clk 00:20:40]} {[%emt 00:00:15]} Kxe6 {[%clk 00:58:36]} {[%emt 00:01:15]}
1/2-1/2